Harry Potter Books and Movies - Statistics

General Stats
  • This quiz has been taken 67 times
  • The average score is 15 of 18
Answer Stats
Hint Answer % Correct
3 Harry Potter and the Prisoner of Azkaban
95%
3 Harry Potter and the Prisoner of Azkaban
95%
1 Harry Potter and the Sorcerer's Stone
95%
1 Harry Potter and the Sorcerer's Stone
95%
2 Harry Potter and the Chamber of Secrets
93%
2 Harry Potter and the Chamber of Secrets
93%
4 Harry Potter and the Goblet of Fire
93%
4 Harry Potter and the Goblet of Fire
93%
7 Harry Potter and the Deathly Hallows
91%
7 Harry Potter and the Deathly Hallows pt.1
91%
8 Harry Potter and the Deathly Hallows pt.2
91%
6 Harry Potter and the Half-Blood Prince
91%
6 Harry Potter and the Half-Blood Prince
91%
5 Harry Potter and the Order of the Phoenix
85%
5 Harry Potter and the Order of the Phoenix
85%
8 Harry Potter and the Cursed Child
60%
9 Fantastic Beasts and Where to Find Them
55%
10 Fantastic Beasts: The Crimes of Grindewald
13%
No matching quizzes found
Score Distribution
Percent of People with Each Score
Percentile by Number Answered
Your Score History
You have not taken this quiz